Statistiques concernant Qui a chanté ? rap français

Cliquez ici pour prendre le quiz!

Statistiques générales

  • Ce quiz a été pris 356 fois
  • Le résultat moyen est 9 sur 27

Statistiques - réponses

HintRéponse% Correct
JCVDJul
85%
Woin WoinLarry
73%
Je danse le MiaIAM
71%
CabezaOboy
69%
JulienDamso
60%
SelecaoAlonzo
58%
TerrasserGradur
48%
Tout s’en vaLuv resval
47%
#B7RK
45%
StuntmenLaylow
41%
MaghrébinHornet la Frappe
40%
Le piègeAlpha wann
32%
Pas ce soirPLK
25%
VivastreetNiro
22%
SenseïHugo TSR
19%
38 spécialRoi Heenok
17%
JoskyKalash criminel
16%
LégerHeuss l’enfoiré
15%
PolaireCaballero
13%
Accusé de réflexionDavodka
12%
442Brulux
10%
Plus qu’amisSadek
10%
AllumettesMédine
8%
Prend le largeSalif
6%
RévolutionTovaritch
6%
Pourquoi ?Busta flex
5%
ZoneCoelho
3%

Distribution des résultats

Percentile par nombre de réponses

% des personnes avec chaque résultat

Votre développement - résultats

Vous n’avez pas pris ce quiz